000 01735cam a22003735a 4500
999 _c897
_d897
001 15667786
003 GZU
005 20200916094333.0
008 090320s2009 nyuab 001 0 eng d
010 _z2008460184
020 _a9780073379821
020 _a0073379824
035 _a(OCoLC)ocn268995275
040 _aIHV
_cIHV
_dWAU
_dDLC
042 _alccopycat
043 _acl-----
050 _aF1408
_bGOO 2009
100 1 _aGoodwin, Paul B.,
_d1942-
245 1 0 _aLatin America /
_cDr. Paul B. Goodwin, Jr.
250 _a13th ed.
260 _aNew York :
_bMcGraw-Hill,
_cc2009.
300 _axii, 252 p. :
_bill., maps ;
_c28 cm.
490 1 _aGlobal studies
504 _aIncludes bibliographical references (p. 248) and index.
505 0 _aGlobal studies: Latin America -- Latin America: myth and reality -- Mexico: on the verge of change? -- Central America: lands in turmoil -- South America: an imperfect prism -- The Caribbean: sea of diversity -- Articles from the world press -- Regional articles -- Mexico articles -- Central America articles South America articles -- Caribbean articles.
651 0 _aLatin America
_xHistory
_y20th century.
651 0 _aLatin America
_xPolitics and government.
830 0 _aGlobal studies (Guilford, Conn.)
856 4 2 _3Publisher description
_uhttp://www.loc.gov/catdir/enhancements/fy0909/2008460184-d.html
856 4 1 _3Table of contents only
_uhttp://www.loc.gov/catdir/enhancements/fy0909/2008460184-t.html
906 _a0
_bacq
_ccopycat
_du
_encip
_f20
_gz-acqworks
942 _2lcc
_cBK
_h1408
_iGOO
_kF